<?xml version="1.0" encoding="UTF-8"?>
<record
    xmlns:xsi="http://www.w3.org/2001/XMLSchema-instance"
    xsi:schemaLocation="http://www.loc.gov/MARC21/slim http://www.loc.gov/standards/marcxml/schema/MARC21slim.xsd"
    xmlns="http://www.loc.gov/MARC21/slim">

  <leader>02463nam a22002297a 4500</leader>
  <controlfield tag="005">20140424110459.0</controlfield>
  <datafield tag="010" ind1=" " ind2=" ">
    <subfield code="a">ENG-109241</subfield>
  </datafield>
  <datafield tag="020" ind1=" " ind2=" ">
    <subfield code="c">2500.00</subfield>
    <subfield code="a">9780198098836</subfield>
  </datafield>
  <datafield tag="020" ind1=" " ind2=" ">
    <subfield code="c">2500.00</subfield>
    <subfield code="a">0198098839</subfield>
  </datafield>
  <datafield tag="035" ind1=" " ind2=" ">
    <subfield code="a">EN-92774</subfield>
  </datafield>
  <datafield tag="037" ind1=" " ind2=" ">
    <subfield code="b">DBAD/PUB</subfield>
  </datafield>
  <datafield tag="082" ind1=" " ind2=" ">
    <subfield code="a">915.4123</subfield>
  </datafield>
  <datafield tag="100" ind1=" " ind2=" ">
    <subfield code="a">Tiwary, Nishant</subfield>
  </datafield>
  <datafield tag="245" ind1=" " ind2=" ">
    <subfield code="a">Celebrating Bihar :</subfield>
    <subfield code="c">by Nishant Tiwary</subfield>
    <subfield code="b">the heritage of Nalanda /</subfield>
  </datafield>
  <datafield tag="246" ind1=" " ind2=" ">
    <subfield code="a">Heritage of Nalanda</subfield>
  </datafield>
  <datafield tag="260" ind1=" " ind2=" ">
    <subfield code="b">Oxford University Press</subfield>
    <subfield code="c">2014</subfield>
    <subfield code="a">New Delhi</subfield>
  </datafield>
  <datafield tag="270" ind1=" " ind2=" ">
    <subfield code="b">New Delhi</subfield>
    <subfield code="e">110001</subfield>
    <subfield code="a">YMCA Library Building, 1 Jai Singh Road</subfield>
  </datafield>
  <datafield tag="300" ind1=" " ind2=" ">
    <subfield code="a">xi,137p. :</subfield>
    <subfield code="c">25cm(Hb)       </subfield>
    <subfield code="b">color photos</subfield>
  </datafield>
  <datafield tag="505" ind1=" " ind2=" ">
    <subfield code="a"> 	Foreword by Nitish Kumar, Chief Minister of Bihar ; ARCHAEOLOGICAL CIRCUIT ; 1. Ancient Nalanda University ; 2. Giriyak, Ashokan, and Ajatashatru Stupas ; 3. Cyclopean walls ; 4. Swarna Bhandar ; 5. Maniyar Math ; 6. Jarasandh ka Akhada ; 7. Pippali Stone Caves ; 8. Rock Cut Shell Inscriptions ; 9. Bimbisara Jail ; 10. Telhara Monastic ; 11. Jaire ; BUDDHIST CIRCUIT ; 1. Gridha Koot ; 2. Venu Vana ; 3. Saptaparni Caves ; 4. Vishwa Shanti Stupa ; 5. Jeevak Amra Vana ; 6. Ancient Buddhist Temple ; 7. Japanese Temple ; 8. Thai Temples, Nalanda and Rajgir ; 9. Burmese Temple, Rajgir ; 10. Burmese Monument ; 11. Ancient Black Buddha ; 12. Buddha at Rukmini Sthan ; 13. Buddha at Tetrawan ; 14. Katrisarai Mounds ; 15. Xuen Xang Memorial ; HINDU CIRCUIT ; 1. Bramh Kund ; 2. Sun Temples, Budgaon and Ongari ; 3. Ancient Mahadev Temple ; 4. Asha Devi Sidh Peeth ; 5. Maghra Sidh Peeth ; 6. Chandi Devi Tantrik Temple ; 7. Jara Devi and Jarasandh Temples ; 8. Baba Maniram ; 9. Mora Talab ; JAIN CIRCUIT ; 1. Nirvana, Place of Lord Mahavira ; 2. Kundalpur, Birth Place of Lord Mahavira ; 3. Jain Pilgrimages ; Vyavhargiri Hill ; Vipulagiri Hill ; Swarnagiri Hill ; Udaygiri Hill ; Ratnagiri Hill ; 4. Naulakha Jain Temple ; 5. Veerayatan ; SUFI CIRCUIT ; 1. Badi Dargah ; 2. Makdum Kund, Rajgir ; 3. Badi Pahadi, Biharsharif ; 4. Khanquah, Biharsharif ; 5. Khanquah, Pinassa ; 6. Naubat Khana ; SIKH CIRCUIT ; 1. Nanak Kund: The Sacred Spring ; ECO TOURISM ; 1. Gora Katora Lake ; 2. Rajgir Valley ; 3. Buddha Trail ; 4. Deer Park ; 5. Hill Top Lake ; 6. Kumudini Pond ; About the Author</subfield>
  </datafield>
  <datafield tag="520" ind1=" " ind2=" ">
    <subfield code="a">Highlighting the legacy of Nalanda, the home of the world's first residential university (c. AD 450), this book celebrates the state of Bihar that completed its centenary in 2012.</subfield>
  </datafield>
  <datafield tag="942" ind1=" " ind2=" ">
    <subfield code="2">ddc</subfield>
    <subfield code="c">EN</subfield>
    <subfield code="m">TIW</subfield>
    <subfield code="h">915.4123</subfield>
  </datafield>
  <datafield tag="999" ind1=" " ind2=" ">
    <subfield code="c">82309</subfield>
    <subfield code="d">82309</subfield>
  </datafield>
  <datafield tag="952" ind1=" " ind2=" ">
    <subfield code="0">0</subfield>
    <subfield code="1">0</subfield>
    <subfield code="4">0</subfield>
    <subfield code="7">1</subfield>
    <subfield code="8">NFIC</subfield>
    <subfield code="a">DBAD</subfield>
    <subfield code="b">DBAD</subfield>
    <subfield code="d">2014-01-31</subfield>
    <subfield code="e">DBAD/PUB</subfield>
    <subfield code="g">2500.00</subfield>
    <subfield code="l">0</subfield>
    <subfield code="o">915.4123 TIW</subfield>
    <subfield code="p">EN-92774</subfield>
    <subfield code="r">2014-01-31 00:00:00</subfield>
    <subfield code="t">1</subfield>
    <subfield code="v">2500.00</subfield>
    <subfield code="y">EN</subfield>
  </datafield>
</record>
